Verdadera eternas explicadas en lecciones ordenadas principalmente para los días de los ejercicios espirituales.

Detalles Bibliográficos
Autor principal: ROSIGNOLI, Carlos
Formato: Libro
Publicado: Barcelona 1899
Materias:
Colección:Banco de datos
Acervo:Biblioteca del Convento de Santa Mónica de la Ciudad de Puebla. Puebla
Tema general:Ascética
Notas:Buena. B7, 29.
LEADER 00674nam a22001930004500
035 |a 51135 
036 |a 903 
100 1 |a ROSIGNOLI, Carlos 
245 1 0 |a Verdadera eternas explicadas en lecciones ordenadas principalmente para los días de los ejercicios espirituales. 
260 |a Barcelona  |b imp. Subirana Hnos.  |c 1899 
500 |a Buena. B7, 29. 
650 1 0 |a Ascética 
949 |a CRP 
959 |a Ex convento de Santa Mónica. Puebla, Puebla  |b CCC5 
960 |a Convento de Santa Mónica de la ciudad de Puebla  |b DD88 
961 |a Franciscana  |b OF 
942 |c CRP-SM 
943 |g Biblioteca del Convento de Santa Mónica de la Ciudad de Puebla. Puebla 
999 |c 961473  |d 961473